Statistics for Jihoamerické země

Click here to take the quiz!

General Stats

  • This quiz has been taken 299 times
    (295 since last reset)
  • The average score is 10 of 12

Answers on the Map

Answers color-coded by a green-red scale on the quiz's map according to % correct below.
 

Answer Stats

Země% Correct
Argentina
98%
Brazílie
98%
Chile
97%
Peru
91%
Bolívie
89%
Kolumbie
88%
Venezuela
87%
Paraguay
84%
Uruguay
83%
Ekvádor
82%
Guyana
64%
Surinam
64%

Score Distribution

Percentile by Number Answered

Percent of People with Each Score

Your Score History

You have not taken this quiz since the last reset